00530nam a2200157Ia 4500003000900000008004100009040001600050080001300066100001700079245015000096260006000246300000900306650002200315650001900337700001600356IN-BaIIA211028s9999 xx 000 0 eng d cIIA Library a624bPAN aPande, G. N. 0aDesign of hydraulic structures with high yield strength deformed barscPande, G. N. And R. Chandra  aCalcuttabTor-Steel Reseasrch Foundation in Indiac1977 a79p. aCivil engineering aNASA Thesaurus aChandra, R.